Hakikat kepimpinan dalam rumah tangga
| Main Author: | |
|---|---|
| Format: | Book |
| Published: |
Kuala Lumpur :
Pustaka Al-Mizan ,
1987
|
| Subjects: |
MARC
| LEADER | 00000cam a2200000 7i4500 | ||
|---|---|---|---|
| 001 | 0000002520 | ||
| 005 | 20050628.0 | ||
| 040 | |a INS | ||
| 090 | 0 | 0 | |a BP188.3.F3. |b H34 1987 |
| 100 | 0 | |a Abu Hassan Din Al-Hafiz | |
| 245 | 1 | 0 | |a Hakikat kepimpinan dalam rumah tangga |c Datuk Abu Hassan Din Al-Hafiz |
| 260 | |a Kuala Lumpur : |b Pustaka Al-Mizan , |c 1987 | ||
| 300 | |a 97p ; |c 20cm. | ||
| 650 | 0 | 0 | |a Family |x Religious life (Islam) |
| 650 | 0 | 0 | |a Islam |
| 999 | |a 0000003900 |b BOOK |c Open Shelf |e Default branch | ||